[Event "Short sim +19-2=3"]
[Site "Devonport"]
[Date "2014.03.02"]
[Round "1.3"]
[White "Short, Nigel D"]
[Black "Gao, Judy"]
[Result "1/2-1/2"]
[WhiteElo "2674"]
[BlackElo "1947"]
[PlyCount "57"]
[EventDate "2014.03.02"]
[EventType "simul"]
[EventCountry "NZL"]
[SourceTitle "EXT 2019"]
[Source "ChessBase"]
[SourceDate "2018.10.10"]
[SourceVersion "1"]
[SourceVersionDate "2018.10.10"]
[SourceQuality "1"]

1. e4 c6 2. Nc3 d5 3. Qf3 d4 4. Bc4 Nf6 5. e5 dxc3 6. exf6 exf6 7. dxc3 Bd6 8. Bf4 Bxf4 9. Qxf4 0-0 10. Ne2 Nd7 11. 0-0-0 Qa5 12. Kb1 Ne5 13. Bb3 Be6 14. Nd4 Ng6 15. Qg3 Bxb3 16. axb3 Rfe8 17. h4 Qe5 18. Qf3 Qe4 19. Qxe4 Rxe4 20. g3 Ne7 21. Rhe1 Rxe1 22. Rxe1 Kf8 23. c4 Rd8 24. Nf3 Rd7 25. Kc1 c5 26. Nd2 Nc6 27. Ne4 Re7 28. Kd1 b6 29. Nc3 1/2-1/2

[Event "Olympiad Women-40"]
[Site "Istanbul"]
[Date "2012.09.04"]
[Round "7.2"]
[White "Gao, Judy"]
[Black "Mtine, Joy"]
[Result "1-0"]
[WhiteElo "1949"]
[BlackElo "2050"]
[PlyCount "71"]
[EventDate "2012.08.28"]
[EventType "team-swiss"]
[EventRounds "11"]
[EventCountry "TUR"]
[SourceTitle "CBM 150 Extra"]
[Source "ChessBase"]
[SourceDate "2012.10.19"]
[SourceVersion "1"]
[SourceVersionDate "2012.10.19"]
[SourceQuality "1"]
[WhiteTeam "New Zealand (W)"]
[BlackTeam "Zambia (W)"]
[WhiteTeamCountry "NZL"]
[BlackTeamCountry "ZAM"]

1. c4 g6 2. Nc3 c5 3. g3 Nc6 4. Bg2 Bg7 5. e3 Nb4 6. d3 Nf6 7. a3 Nc6 8. Nge2 Qc7 9. 0-0 0-0 10. Rb1 d6 11. b4 cxb4 12. axb4 Bd7 13. Bd2 Qc8 14. Nf4 e5 15. Nfd5 Bg4 16. Qc2 Bh3 17. b5 Nxd5 18. Nxd5 Bxg2 19. Kxg2 Re8 20. bxc6 Qxc6 21. e4 h5 22. h4 Kh7 23. Qb3 b6 24. Ra1 Rf8 25. Rfc1 Qd7 26. Qb5 Qc8 27. Bb4 f5 28. Bxd6 Rf7 29. f3 Qd8 30. Bb4 f4 31. Be1 g5 32. Bd2 gxh4 33. gxf4 Bh6 34. Rg1 Rg7+ 35. Kh2 Qg8 36. Nf6+ 1-0

[Event "Oceania zt (Women)"]
[Site "Rotorua"]
[Date "2011.01.29"]
[Round "8"]
[White "Gao, Judy"]
[Black "Smith, Vivian J"]
[Result "1-0"]
[WhiteElo "1914"]
[BlackElo "1810"]
[PlyCount "87"]
[EventDate "2011.01.25"]
[EventType "tourn"]
[EventRounds "11"]
[EventCountry "NZL"]
[SourceTitle "EXT 2012"]
[Source "ChessBase"]
[SourceDate "2011.11.24"]
[SourceVersion "1"]
[SourceVersionDate "2011.11.24"]
[SourceQuality "1"]

1. d4 Nf6 2. Bf4 g6 3. e3 Bg7 4. h3 d6 5. Nf3 0-0 6. Be2 b6 7. 0-0 Bb7 8. Nbd2 Nbd7 9. c3 e6 10. Qc2 Qe7 11. Rfd1 e5 12. dxe5 Nxe5 13. Nxe5 dxe5 14. Bh2 Nd7 15. Nf3 Kh8 16. Rd2 Bc6 17. Rad1 Nc5 18. Rc1 Be4 19. Qd1 Rad8 20. b4 Nb7 21. Rxd8 Rxd8 22. Qb3 h6 23. c4 c5 24. a3 f5 25. Qa4 Nd6 26. bxc5 bxc5 27. Nd2 Ba8 28. Qa5 Nb7 29. Qxa7 Rxd2 30. Qxa8+ Rd8 31. Qa4 Rd2 32. Kf1 f4 33. Rc2 fxe3 34. fxe3 Rxc2 35. Qxc2 e4 36. g4 Qf6+ 37. Kg2 Qc6 38. a4 Bf6 39. Bg3 Nd8 40. Be1 Kh7 41. a5 Be5 42. Qd1 Bc7 43. Qd5 Qa6 44. Qd7+ 1-0

[Event "Oceania zt (Women)"]
[Site "Rotorua"]
[Date "2011.01.27"]
[Round "5"]
[White "Guo, Emma"]
[Black "Gao, Judy"]
[Result "1-0"]
[WhiteElo "1969"]
[BlackElo "1914"]
[PlyCount "125"]
[EventDate "2011.01.25"]
[EventType "tourn"]
[EventRounds "11"]
[EventCountry "NZL"]
[SourceTitle "EXT 2012"]
[Source "ChessBase"]
[SourceDate "2011.11.24"]
[SourceVersion "1"]
[SourceVersionDate "2011.11.24"]
[SourceQuality "1"]

1. e4 c6 2. Nf3 d5 3. Nc3 dxe4 4. Nxe4 Nd7 5. Bc4 Ngf6 6. Ng3 e6 7. d4 Bd6 8. c3 Qc7 9. Qe2 h6 10. Bd2 b6 11. 0-0 0-0 12. Rae1 Bb7 13. Ne5 c5 14. f4 Rae8 15. Nxd7 Qxd7 16. Bd3 cxd4 17. cxd4 Re7 18. Nh5 Nxh5 19. Qxh5 Bb4 20. Bc3 Bxc3 21. bxc3 Rc8 22. Qh3 b5 23. a3 Qc6 24. Re3 Kf8 25. Bb1 Qd6 26. f5 exf5 27. Bxf5 Rce8 28. Rxe7 Rxe7 29. Qh5 Qc6 30. Bh3 Qxc3 31. Kh1 Qd3 32. Rg1 Qxd4 33. Qxb5 Qe3 34. Bd7 Qe4 35. Qc5 g6 36. Bb5 a5 37. a4 Kg7 38. Qc3+ Re5 39. Qxa5 Bc6 40. Bxc6 Rxa5 41. Bxe4 Rxa4 42. Bf3 f5 43. Rc1 g5 44. Kg1 g4 45. Be2 Kf6 46. Rc8 Ra5 47. Kf2 Kg5 48. Rg8+ Kh5 49. Bc4 Ra7 50. Be6 Re7 51. Bd5 Rc7 52. Kg3 Rc3+ 53. Kf4 Rc2 54. Kxf5 Rf2+ 55. Ke5 Re2+ 56. Kf6 Rf2+ 57. Kg7 Kg5 58. Kh7+ Kh5 59. Rg6 Rf5 60. Rxh6+ Kg5 61. Rg6+ Kh5 62. Be6 Rf4 63. Bxg4+ 1-0

[Event "Queenstown op"]
[Site "Queenstown"]
[Date "2009.01.20"]
[Round "6"]
[White "Voon, Richard"]
[Black "Gao, Judy"]
[Result "1-0"]
[WhiteElo "1976"]
[BlackElo "1911"]
[PlyCount "153"]
[EventDate "2009.01.15"]
[EventType "swiss"]
[EventRounds "10"]
[EventCountry "NZL"]
[SourceTitle "CBM 128 Extra"]
[Source "ChessBase"]
[SourceDate "2009.03.05"]
[SourceVersion "2"]
[SourceVersionDate "2009.03.25"]
[SourceQuality "1"]

1. Nf3 d5 2. d4 Nf6 3. c4 c6 4. Nc3 dxc4 5. a4 Bf5 6. Ne5 e6 7. Nxc4 Qc7 8. f3 Nbd7 9. e4 Bg6 10. Be2 Rd8 11. 0-0 Nb6 12. e5 Nfd5 13. Ne4 Nxc4 14. Bxc4 Nb6 15. Be2 Be7 16. Be3 0-0 17. Qc1 Nd5 18. Bf2 Bb4 19. Rd1 Ne7 20. Qc4 a5 21. Rac1 Nf5 22. Ng5 Qd7 23. Nh3 h6 24. Nf4 Bh7 25. Bd3 Be7 26. Be4 Bg5 27. g3 Ne7 28. Qc2 Bxe4 29. fxe4 Rc8 30. Qe2 c5 31. Rc4 cxd4 32. Rcxd4 Qc7 33. h4 Bxf4 34. gxf4 Nc6 35. Rd7 Qb8 36. Bb6 Nxe5 37. fxe5 Qxe5 38. Bd4 Qf4 39. Qg2 e5 40. Bc3 Rc4 41. Re1 Qxh4 42. Re2 Qf6 43. Rxb7 Qf4 44. Rb5 Rxa4 45. Rxa5 Rxa5 46. Bxa5 Rc8 47. Bc3 Ra8 48. Re1 g5 49. Qh3 g4 50. Qe3 Kh7 51. Bd2 Qxe3+ 52. Rxe3 Kg6 53. Kg2 f5 54. exf5+ Kxf5 55. Kg3 Ra1 56. Re2 h5 57. Bc3 e4 58. Rf2+ Kg6 59. Rf6+ Kg5 60. Re6 Rh1 61. Rxe4 h4+ 62. Kg2 Rh3 63. Be1 Rf3 64. Re8 h3+ 65. Kh2 Kf4 66. Rf8+ Ke3 67. Rxf3+ Kxf3 68. Bg3 Ke4 69. Bb8 Kd4 70. Kg3 Kc4 71. Be5 Kb3 72. Bf6 Kb4 73. Kh2 Kc4 74. Be5 Kb3 75. Kg3 Kc4 76. Kxg4 h2 77. Bxh2 1-0

[Event "Olympiad Women-38"]
[Site "Dresden"]
[Date "2008.11.16"]
[Round "4"]
[White "De La Cruz, Mercedes"]
[Black "Gao, Judy"]
[Result "0-1"]
[WhiteElo "2045"]
[BlackElo "1896"]
[PlyCount "84"]
[EventDate "2008.11.13"]
[EventType "team-swiss"]
[EventRounds "11"]
[EventCountry "GER"]
[SourceTitle "CBM 128"]
[Source "ChessBase"]
[SourceDate "2009.01.28"]
[SourceVersion "1"]
[SourceVersionDate "2009.01.28"]
[SourceQuality "1"]
[WhiteTeam "Dominican Rep (W)"]
[BlackTeam "New Zealand (W)"]
[WhiteTeamCountry "DOM"]
[BlackTeamCountry "NZL"]

1. e4 c6 2. d3 d5 3. Nd2 e5 4. g3 Nf6 5. Bg2 Bd6 6. Ngf3 Nbd7 7. 0-0 0-0 8. Qe2 Re8 9. Re1 b6 10. c3 Bb7 11. Qd1 Nc5 12. Qc2 Ba6 13. c4 dxe4 14. dxe4 Qc7 15. Nb3 h6 16. Nxc5 Bxc5 17. Be3 Nd7 18. Bh3 Bxe3 19. Rxe3 Rad8 20. Bxd7 Qxd7 21. Qc3 f6 22. Rc1 c5 23. a3 Re6 24. b4 Rd6 25. bxc5 bxc5 26. Qa5 Qc6 27. Kg2 Qb6 28. Qc3 R8d7 29. Nh4 Rd4 30. Qe1 Rxc4 31. Rxc4 Bxc4 32. Rc3 Bd3 33. f3 c4 34. Nf5 Qb2+ 35. Kg1 Rb7 36. Rc1 Rb3 37. Rd1 Rxa3 38. Qd2 Qxd2 39. Rxd2 c3 40. Rxd3 c2 41. Rd8+ Kh7 42. Rc8 Ra1+ 0-1